CSGO: Three Letter Players - Statistics

General Stats
  • This quiz has been taken 29 times
  • The average score is 4 of 7
Answer Stats
Player % Correct
jks
81%
b1t
71%
arT
62%
REZ
48%
JDC
43%
NAF
38%
npl
24%
No matching quizzes found
Score Distribution
Percent of People with Each Score
Percentile by Number Answered
Your Score History
You have not taken this quiz